000 00280nam a2200121Ia 4500
999 _c14323
_d14323
008 260210s9999 xx 000 0 und d
020 _a9780727764638
082 _a666.982
100 _aDhir
245 0 _aRecycled Aggregates: Use In Concrete
260 _bTTL
942 _cUG
_2ddc